[Event "XXV OOM - Mistrzostwa Polski Juniorow Mlodszych - Chlopcy do lat 12"]
[Site "Sielpia"]
[Date "1899-12-30"]
[Round "1.1"]
[White "Zalega, Maciej"]
[Black "Fiszer, Bartosz"]
[Result "0-1"]
[WhiteTitle "II+"]
[BlackTitle "CM"]
[WhiteElo "1538"]
[BlackElo "2119"]

1. e4 c5 2. Nf3 d6 3. d4 cxd4 4. Nxd4 Nf6 5. Nc3 g6 6. Be2 Bg7 7. Be3 Nc6 8. O-O
O-O 9. f4 Qb6 10. Na4 Qa5 11. Nc3 Qb6 12. Na4 Qa5 13. Nc3 Bd7 14. Kh1 Nxd4 15.
Bxd4 Bc6 16. Bf3 Rfd8 17. Qe2 Qb4 18. Bxf6 Bxf6 19. e5 Bg7 20. Nd5 Bxd5 21. Bxd5
dxe5 22. Bb3 exf4 23. c3 Qd6 24. Qc4 e6 25. Rxf4 Rac8 26. Qf1 Rc7 27. Rd1 Qe7
28. Rxd8+ Qxd8 29. Qf2 b6 30. h3 Rd7 31. Qf1 Qe7 32. Rf2 Kh8 33. Qa6 Rd8 34. Qf1
f5 35. Qc4 e5 36. Rd2 Rf8 37. Qb5 e4 38. Rd7 Qe8 39. Qa4 e3 40. Rd1 Qe5 41. Re1
Qg3 42. Rd1 e2 43. Qb5 exd1=Q+ 44. Bxd1 Qe1+ 0-1

[Event "XXV OOM - Mistrzostwa Polski Juniorow Mlodszych - Chlopcy do lat 12"]
[Site "Sielpia"]
[Date "1899-12-30"]
[Round "1.2"]
[White "Klimkowski, Jan"]
[Black "Krasniewski, Maciej"]
[Result "1-0"]
[WhiteTitle "I"]
[BlackTitle "I"]
[WhiteElo "2024"]
[BlackElo "1537"]

1. e4 c5 2. Nf3 Nc6 3. d4 cxd4 4. Nxd4 Nf6 5. Nc3 e5 6. Ndb5 d6 7. Bg5 a6 8. Na3
b5 9. Nd5 Be7 10. Bxf6 Bxf6 11. c3 O-O 12. Nc2 Bg5 13. h4 Bh6 14. a4 Rb8 15. axb5
axb5 16. g3 f5 17. exf5 Bxf5 18. Bg2 Qd7 19. Nce3 Bxe3 20. Nxe3 b4 21. Qd5+ Be6
22. Qxc6 Qf7 23. O-O bxc3 24. Qxc3 Rfc8 25. Qd2 d5 26. Ra6 d4 27. Rxe6 dxe3 28.
fxe3 Rxb2 29. Qxb2 Qxe6 30. Qb7 1-0

[Event "XXV OOM - Mistrzostwa Polski Juniorow Mlodszych - Chlopcy do lat 12"]
[Site "Sielpia"]
[Date "1899-12-30"]
[Round "1.3"]
[White "Malek, Jan"]
[Black "Meers, Hubert"]
[Result "1/2-1/2"]
[WhiteTitle "II"]
[BlackTitle "I++"]
[WhiteElo "1502"]
[BlackElo "2022"]

1. e4 c5 2. c3 g6 3. d4 cxd4 4. cxd4 d5 5. exd5 Nf6 6. Nc3 Bg7 7. Be2 Nxd5 8. Bf3
Be6 9. Nge2 O-O 10. Nf4 Nxc3 11. bxc3 Qd7 12. O-O Bc4 13. Re1 Nc6 14. Qa4 b5 15.
Qa6 Rac8 16. Qa3 e6 17. Qb2 a5 18. a3 Rfd8 19. Be3 Qd6 20. Be2 e5 21. dxe5 Nxe5
22. Bd4 b4 23. axb4 axb4 24. Rad1 bxc3 25. Bxc3 Qc7 26. Rxd8+ Rxd8 27. Bf1 Bxf1
28. Bxe5 Bxe5 29. Qxe5 Qxe5 30. Rxe5 Rd1 31. f3 Bc4+ 32. Kf2 Rd2+ 33. Kg3 Kg7
34. Rc5 Ba2 35. h4 Bb1 36. h5 Rd7 37. Rb5 Bf5 38. hxg6 fxg6 39. Kh4 Kh6 40. Rb6
Kg7 41. g4 Bc2 42. Kg3 h6 1/2-1/2

[Event "XXV OOM - Mistrzostwa Polski Juniorow Mlodszych - Chlopcy do lat 12"]
[Site "Sielpia"]
[Date "1899-12-30"]
[Round "1.4"]
[White "Seemann, Jakub"]
[Black "Baszczynski, Gabriel"]
[Result "1-0"]
[WhiteTitle "I"]
[BlackTitle "II+"]
[WhiteElo "2012"]
[BlackElo "1501"]

1. e4 c5 2. Nf3 e6 3. d4 cxd4 4. Nxd4 a6 5. Bd3 Nf6 6. O-O e5 7. Nb3 Nc6 8. Nc3
Be7 9. Nd5 Nxd5 10. exd5 Nb8 11. Qg4 g6 12. f4 d6 13. Qg3 Bf6 14. f5 Rg8 15. Nd2
Rg7 16. fxg6 hxg6 17. Ne4 Bh4 18. Nxd6+ Kf8 19. Qxe5 Nd7 20. Qf4 g5 21. Qb4 Kg8
22. Nf5 Ne5 23. Nxg7 Kxg7 24. Qd4 f6 25. g3 Bh3 26. Rf2 Bxg3 27. hxg3 Qd6 28.
Bd2 Re8 29. Bb4 Qc7 30. Bf1 Ng4 31. Bxh3 Nxf2 32. Qxf2 Qe5 33. Re1 1-0

[Event "XXV OOM - Mistrzostwa Polski Juniorow Mlodszych - Chlopcy do lat 12"]
[Site "Sielpia"]
[Date "1899-12-30"]
[Round "1.5"]
[White "Wierzbicki, Dawid"]
[Black "Madej, Marek"]
[Result "1-0"]
[WhiteTitle "I"]
[BlackTitle "I"]
[WhiteElo "1500"]
[BlackElo "1847"]

1. e4 e5 2. Nf3 Nc6 3. Bc4 Bc5 4. c3 Nf6 5. d3 a6 6. O-O O-O 7. d4 Bd6 8. Re1 b5
9. Bd5 Re8 10. Bxc6 dxc6 11. dxe5 Bg4 12. exd6 Nxe4 13. Bf4 Qf6 14. d7 Bxd7 15.
Qxd7 Qxf4 16. Nbd2 f5 17. Qxc6 Re7 18. Qxa8+ 1-0

[Event "XXV OOM - Mistrzostwa Polski Juniorow Mlodszych - Chlopcy do lat 12"]
[Site "Sielpia"]
[Date "1899-12-30"]
[Round "1.6"]
[White "Dziewonski, Dariusz"]
[Black "Jaworski, Tymon"]
[Result "1/2-1/2"]
[WhiteTitle "I"]
[BlackTitle "II+"]
[WhiteElo "1817"]
[BlackElo "1498"]

1. e4 e5 2. Nf3 Nc6 3. Bc4 Nf6 4. d3 Bc5 5. O-O d6 6. a4 Bg4 7. Nbd2 a5 8. Re1
O-O 9. h3 Bh5 10. c3 Re8 11. Nf1 d5 12. exd5 Nxd5 13. Ng3 Bg6 14. Ne4 Bb6 15.
Qb3 Nf4 16. Bxf4 exf4 17. Neg5 Qf6 18. Ne4 Qf5 19. Qb5 Ne5 20. Ned2 Nxf3+ 21.
Nxf3 Qxb5 22. Bxb5 c6 23. Bc4 Kf8 24. d4 Bc7 25. Nd2 Bc2 26. Bb3 Bd3 27. f3 Re3
28. Nc4 Bxc4 29. Bxc4 Rae8 30. Kf1 f5 31. Re2 Bd8 1/2-1/2

[Event "XXV OOM - Mistrzostwa Polski Juniorow Mlodszych - Chlopcy do lat 12"]
[Site "Sielpia"]
[Date "1899-12-30"]
[Round "1.7"]
[White "Malinowski, Szymon"]
[Black "Karwacki, Piotr"]
[Result "1-0"]
[WhiteTitle "I"]
[BlackTitle "I"]
[WhiteElo "1494"]
[BlackElo "1813"]

1. d4 c5 2. c3 e6 3. Nf3 Nf6 4. Bg5 Nc6 5. e3 d5 6. Nbd2 h6 7. Bh4 Be7 8. Bd3 O-O
9. O-O g5 10. Bg3 Nh5 11. Ne5 Nxg3 12. Nxc6 bxc6 13. hxg3 Qb6 14. Rb1 cxd4 15.
cxd4 c5 16. dxc5 Bxc5 17. Qe2 f5 18. b4 Bd6 19. Rfc1 e5 20. Bb5 Bb7 21. a4 a6
22. Bd7 Bxb4 23. Nc4 Qc5 24. Be6+ Kg7 25. Nxe5 Qe7 26. Qb2 Qxe6 27. Qxb4 Qxe5
28. Qxb7+ Kh8 29. Rb6 Rfb8 30. Rxh6+ Kg8 31. Qh7+ Kf8 32. Rg6 Qe6 33. Rxe6 Rc8
34. Rf6+ Ke8 35. Qf7+ Kd8 36. Rd6# 1-0

[Event "XXV OOM - Mistrzostwa Polski Juniorow Mlodszych - Chlopcy do lat 12"]
[Site "Sielpia"]
[Date "1899-12-30"]
[Round "1.8"]
[White "Krawczyk, Flawian"]
[Black "Rog, Bartlomiej"]
[Result "1-0"]
[WhiteTitle "II"]
[BlackTitle "I"]
[WhiteElo "1800"]
[BlackElo "1491"]

1. e4 c5 2. Nf3 Nc6 3. Bb5 d6 4. Bxc6+ bxc6 5. O-O Bg4 6. d3 g6 7. Nbd2 Bg7 8.
h3 Bc8 9. Re1 e6 10. Nc4 d5 11. Nce5 Ne7 12. c3 O-O 13. Be3 Qa5 14. a3 h5 15.
b4 cxb4 16. axb4 Qb5 17. Bc5 Re8 18. Ra5 Qb7 19. Qa4 dxe4 20. dxe4 Qc7 21. Nc4
Bxc3 22. Rc1 Bg7 23. Nd6 Rd8 24. Rd1 Bb7 25. Ng5 Nc8 26. Ndxf7 Rxd1+ 27. Qxd1
Nb6 28. Qb3 Qd7 29. Nd6 Nc8 30. Nxb7 1-0

[Event "XXV OOM - Mistrzostwa Polski Juniorow Mlodszych - Chlopcy do lat 12"]
[Site "Sielpia"]
[Date "1899-12-30"]
[Round "1.9"]
[White "Sukiennik, Oliwier"]
[Black "Trzebinski, Patryk"]
[Result "0-1"]
[WhiteTitle "II+"]
[BlackTitle "I"]
[WhiteElo "1466"]
[BlackElo "1793"]

1. e4 d5 2. exd5 Nf6 3. d4 Nxd5 4. c4 Nb6 5. Nf3 Bg4 6. Be2 e6 7. Nc3 Nc6 8. Be3
Be7 9. b3 O-O 10. Rc1 f5 11. Qd2 Bf6 12. Rd1 Qe7 13. d5 Nb4 14. dxe6 Rad8 15.
Nd5 N6xd5 16. cxd5 Rxd5 17. Qc1 Rxd1+ 18. Qxd1 Rd8 19. Qc1 Bxf3 20. gxf3 Nxa2
21. Qc2 Nc3 22. Bc4 Kh8 23. Bd2 b5 24. Bxc3 bxc4 25. Bxf6 Qxe6+ 26. Kf1 Qxf6 27.
Qxc4 Rd1+ 28. Kg2 Qg5+ 29. Kh3 Rxh1 30. Qxc7 h6 31. b4 Rg1 32. Qc8+ Kh7 33. Qe8
Qg2+ 0-1

[Event "XXV OOM - Mistrzostwa Polski Juniorow Mlodszych - Chlopcy do lat 12"]
[Site "Sielpia"]
[Date "1899-12-30"]
[Round "1.10"]
[White "Kejna, Piotr"]
[Black "Wolski, Michal"]
[Result "1-0"]
[WhiteTitle "CM"]
[BlackTitle "II"]
[WhiteElo "1787"]
[BlackElo "1448"]

1. e4 c6 2. d4 d5 3. Nc3 dxe4 4. Nxe4 Bf5 5. Ng3 Bg6 6. h4 h6 7. Nh3 Nf6 8. Nf4
e5 9. Nxg6 fxg6 10. Bd3 Qxd4 11. Bxg6+ Kd8 12. Be3 Qd5 13. c4 Qxd1+ 14. Rxd1+
Kc7 15. Ke2 Nbd7 16. Bd2 Rd8 17. Bc3 h5 18. Rhe1 Rh6 19. Bf5 g6 20. Bxd7 Nxd7
21. Kf1 Re8 22. f4 Bg7 23. Ne4 Rf8 24. g3 Bh8 25. Ng5 Kc8 26. Kg1 exf4 27. Re7
Bxc3 28. Rdxd7 Ba5 29. Nf7 Bb6+ 30. Kg2 f3+ 31. Kf1 Rhh8 32. Nxh8 Rxh8 33. Rd3
f2 34. b4 a5 35. a3 Rf8 36. c5 Bc7 37. Re2 axb4 38. axb4 Bb8 39. Rxf2 Rxf2+ 40.
Kxf2 Be5 41. Kf3 Kc7 42. Ke4 Bf6 43. Rd6 Bc3 44. Rxg6 Bxb4 45. Rg5 Ba5 46. Rxh5
b6 47. cxb6+ Bxb6 48. g4 c5 1-0

[Event "XXV OOM - Mistrzostwa Polski Juniorow Mlodszych - Chlopcy do lat 12"]
[Site "Sielpia"]
[Date "1899-12-30"]
[Round "1.11"]
[White "Wiszniewski, Szymon"]
[Black "Paszkowski, Krystian"]
[Result "1/2-1/2"]
[WhiteTitle "II+"]
[BlackTitle "I"]
[WhiteElo "1445"]
[BlackElo "1727"]

1. e4 c5 2. Nf3 e6 3. d3 Nc6 4. Nbd2 Nf6 5. g3 g6 6. Bg2 Bg7 7. O-O O-O 8. Re1
d6 9. Nf1 Qc7 10. Bf4 e5 11. Bd2 h6 12. h4 Be6 13. c3 d5 14. Qc1 Kh7 15. N1h2
Rad8 16. Qc2 c4 17. exd5 cxd3 18. Qa4 Nxd5 19. h5 Nb6 20. hxg6+ Kxg6 21. Qh4 f5
22. g4 fxg4 23. Nxg4 Bxg4 24. Qxg4+ Kh7 25. Qh3 Kg8 26. Bxh6 Bxh6 27. Qxh6 Rd6
28. Qg5+ Qg7 29. Qxg7+ Kxg7 30. Rad1 Na4 31. Rd2 Kf6 32. Re3 Rfd8 33. Ne1 Nxb2
34. Rxb2 d2 35. Bf3 dxe1=Q+ 36. Rxe1 b6 37. Rb5 Re8 38. Rd5 Rxd5 39. Bxd5 Na5
40. Re3 Re7 41. Rf3+ Kg7 42. Kf1 Rc7 43. Re3 Kf6 44. Ke2 Rc5 45. Bb3 Nxb3 46.
axb3 b5 47. b4 Rc6 48. f3 a6 49. Rd3 Kf5 50. Ke3 Rc4 51. Kd2 Rc6 52. Ke3 Rg6 53.
Rd8 Rg1 54. Rf8+ Ke6 55. Rc8 Kd5 56. Kd3 Rd1+ 57. Ke2 Ra1 58. Kd3 Rf1 59. Ke2
Rh1 60. Kd3 Rb1 61. Ra8 Ra1 62. Rc8 Kd6 63. Rh8 Kd5 64. Rc8 1/2-1/2

[Event "XXV OOM - Mistrzostwa Polski Juniorow Mlodszych - Chlopcy do lat 12"]
[Site "Sielpia"]
[Date "1899-12-30"]
[Round "1.12"]
[White "Herwy, Jakub"]
[Black "Ptaszynski, Szymon"]
[Result "1-0"]
[WhiteTitle "I+"]
[BlackTitle "II"]
[WhiteElo "1713"]
[BlackElo "1444"]

1. e4 c5 2. c4 Nc6 3. Nc3 g6 4. g3 Bg7 5. Bg2 d6 6. Nge2 e6 7. d3 Nge7 8. O-O O-O
9. Be3 Nd4 10. Qd2 Rb8 11. Rae1 a6 12. f4 b5 13. b3 Qc7 14. h3 Rd8 15. g4 f5 16.
exf5 gxf5 17. g5 Bb7 18. Bxd4 cxd4 19. Nd1 Bxg2 20. Kxg2 e5 21. h4 Qc6+ 22. Kh3
h6 23. Nxd4 exd4 24. Rxe7 Re8 25. Rxe8+ Rxe8 26. Qg2 Qxg2+ 27. Kxg2 Re2+ 28. Rf2
Re1 29. Rd2 hxg5 30. hxg5 Kf7 31. Nf2 b4 32. Nh1 Re8 33. Ng3 Kg6 34. Nf1 Kf7 35.
Nh2 Rc8 36. Nf3 Rc5 37. Re2 Ra5 38. Nh4 Bf8 39. Kf3 Bg7 40. Kg3 Bf8 41. Rb2 Rc5
42. Nf3 Bg7 43. Ne1 Rc8 44. Re2 Ra8 45. Nc2 a5 46. Re1 Rb8 47. Rb1 Re8 48. Re1
Rb8 49. Re2 Rb7 50. Ne1 Ra7 51. a3 Rb7 52. Ra2 Re7 53. Kf2 Rb7 54. Nc2 bxa3 55.
Rxa3 a4 56. b4 Ra7 57. b5 Ke6 58. Nb4 Bf8 59. Ra2 Bg7 60. Nc6 1-0

[Event "XXV OOM - Mistrzostwa Polski Juniorow Mlodszych - Chlopcy do lat 12"]
[Site "Sielpia"]
[Date "1899-12-30"]
[Round "1.13"]
[White "Jarocki, Gabriel"]
[Black "Starosciak, Szymon"]
[Result "0-1"]
[WhiteTitle "II"]
[BlackTitle "II+"]
[WhiteElo "1434"]
[BlackElo "1661"]

1. e4 c5 2. c4 d6 3. Nc3 Nc6 4. f4 g6 5. Nf3 Bg4 6. Be2 Bxf3 7. Bxf3 Bg7 8. O-O
e6 9. d3 Nge7 10. Be3 Nd4 11. Bxd4 Bxd4+ 12. Kh1 O-O 13. Rb1 Nc6 14. f5 Be5 15.
Ne2 Nd4 16. Nxd4 Qh4 17. g3 Bxg3 18. Qe2 cxd4 19. Rg1 Be5 20. Rg2 Qf6 21. Rf1
Rab8 22. Bg4 Qe7 23. Qf2 Bh8 24. Rg3 exf5 25. exf5 b5 26. b3 Qh4 27. Qg2 bxc4
28. bxc4 Be5 29. Rh3 Qg5 30. Rhf3 h5 31. Bh3 Qxg2+ 32. Bxg2 g5 33. R3f2 Rb6 34.
Bd5 Kg7 35. f6+ Kh6 36. Re2 h4 37. Rg2 Bf4 38. Kg1 Be3+ 39. Kh1 Rfb8 40. Bxf7
Rb1 41. Rgg1 Bxg1 42. Kxg1 Rxf1+ 43. Kxf1 Rf8 44. Bd5 Rxf6+ 45. Ke2 g4 46. a4
Kg5 47. a5 g3 48. hxg3 hxg3 49. a6 Kh4 50. Bb7 Kh3 51. Bh1 Kh2 52. Bb7 g2 53.
Bxg2 Kxg2 54. Kd2 Rf2+ 55. Kc1 Kf3 56. Kb1 Ke3 57. Ka1 Kxd3 58. Kb1 Kc3 59. Ka1
Kb3 60. Kb1 Rf1# 61. Kc1 0-1

[Event "XXV OOM - Mistrzostwa Polski Juniorow Mlodszych - Chlopcy do lat 12"]
[Site "Sielpia"]
[Date "1899-12-30"]
[Round "1.14"]
[White "Rylski, Tadeusz"]
[Black "Bochenek, Ryszard"]
[Result "0-1"]
[WhiteTitle "II+"]
[BlackTitle "II"]
[WhiteElo "1650"]
[BlackElo "1433"]

1. d4 Nf6 2. c4 g6 3. Nc3 Bg7 4. e4 d6 5. Be2 O-O 6. Bg5 Nbd7 7. Qd2 Re8 8. Nf3
c5 9. d5 Ng4 10. h3 Nge5 11. Nxe5 Nxe5 12. f4 Nd7 13. O-O Qb6 14. a4 Nf8 15. a5
Qc7 16. Bf3 e6 17. dxe6 Bxe6 18. Nb5 Qd7 19. Nxd6 Bd4+ 20. Kh1 Qxd6 21. b3 Qc7
22. Rae1 f6 23. Bh6 Rad8 24. f5 Bf7 25. Bxf8 Rxf8 26. Qh6 Qg3 27. fxg6 Bxg6 28.
Rd1 Be5 29. Kg1 Bf4 0-1

[Event "XXV OOM - Mistrzostwa Polski Juniorow Mlodszych - Chlopcy do lat 12"]
[Site "Sielpia"]
[Date "1899-12-30"]
[Round "1.15"]
[White "Miler, Franciszek"]
[Black "Pancewicz, Szymon"]
[Result "1/2-1/2"]
[WhiteTitle "II"]
[BlackTitle "I"]
[WhiteElo "1431"]
[BlackElo "1605"]

1. e4 c5 2. Nf3 Nc6 3. d4 cxd4 4. Nxd4 Nf6 5. Nc3 e5 6. Ndb5 d6 7. Nd5 Nxd5 8.
exd5 Nb8 9. c4 Be7 10. Bd3 O-O 11. O-O a6 12. Nc3 f5 13. f3 Nd7 14. Kh1 Bg5 15.
b4 a5 16. Bxg5 Qxg5 17. a3 b6 18. Nb5 Rf6 19. Qc1 Qh5 20. Qc2 Rh6 21. g3 axb4
22. Bxf5 b3 23. g4 bxc2 24. gxh5 Nc5 25. Bxc2 Bd7 26. Rfb1 Bxb5 27. Rxb5 Ra6 28.
a4 Rxh5 29. Rab1 Rh4 30. R5b4 g6 31. Kg2 Kf7 32. Kg3 Rf4 1/2-1/2

[Event "XXV OOM - Mistrzostwa Polski Juniorow Mlodszych - Chlopcy do lat 12"]
[Site "Sielpia"]
[Date "1899-12-30"]
[Round "1.16"]
[White "Grot, Blazej"]
[Black "Zieba, Hubert"]
[Result "1-0"]
[WhiteTitle "CM"]
[BlackTitle "I"]
[WhiteElo "1604"]
[BlackElo "1419"]

1. e4 c5 2. Nf3 d6 3. d4 cxd4 4. Nxd4 g6 5. c4 Bg7 6. Nc3 Nc6 7. Be3 Nf6 8. Be2
O-O 9. O-O Bd7 10. Qd2 Qa5 11. Rad1 Rfc8 12. b3 Ng4 13. Nxc6 bxc6 14. Bd4 Bxd4
15. Qxd4 c5 16. Qd3 Nf6 17. f4 Rd8 18. Qg3 Bc6 19. e5 Ne4 20. Nxe4 Bxe4 21. Bf3
Bxf3 22. Qxf3 Rab8 23. f5 dxe5 24. fxg6 fxg6 25. Qf7+ Kh8 26. Qxe7 Re8 27. Qf6+
Kg8 28. Rd7 1-0

[Event "XXV OOM - Mistrzostwa Polski Juniorow Mlodszych - Chlopcy do lat 12"]
[Site "Sielpia"]
[Date "1899-12-30"]
[Round "1.17"]
[White "Krol, Jan"]
[Black "Kutowski, Marcel"]
[Result "0-1"]
[WhiteTitle "II+"]
[BlackTitle "I"]
[WhiteElo "1405"]
[BlackElo "1604"]

1. e4 d5 2. exd5 Nf6 3. c4 c6 4. dxc6 Nxc6 5. Nf3 e5 6. d3 Bf5 7. Nc3 Bb4 8. a3
Bxc3+ 9. bxc3 e4 10. Nh4 Bg4 11. f3 Nh5 12. g3 exf3 13. Nxf3 Qf6 14. Be2 Bxf3
15. Bxf3 Qxc3+ 16. Bd2 Qe5+ 17. Qe2 Qxe2+ 18. Bxe2 Nf6 19. Bc3 O-O-O 20. O-O Rhe8
21. Rae1 Nd4 22. Bxd4 Rxd4 23. Kf2 Nd7 24. Kg2 f6 25. Rf2 Rxd3 26. Bxd3 Rxe1 27.
Bxh7 Re3 28. Bf5 Kc7 29. Rb2 Ne5 30. a4 Rc3 31. Be4 b6 32. a5 Nxc4 33. axb6+ axb6
34. Ra2 Ra3 35. Rc2 b5 36. Kh3 Kb6 37. Kh4 Ne5 38. Kh5 Ra4 39. Bf5 Ra8 40. Rc8
Rxc8 41. Bxc8 b4 42. Be6 Kc5 43. g4 Kd4 44. h4 Ke4 45. Bb3 Kf4 46. Bd1 Ke4 47.
Bc2+ Kd5 48. g5 Ke6 49. gxf6 Kxf6 50. Bd1 Nc6 51. Bc2 Nd4 52. Bd3 b3 53. Kg4 Nc6
54. Kf4 Nb4 55. Be4 Nc2 56. h5 Na3 57. h6 gxh6 58. Kg4 b2 59. Kh5 Kg7 60. Kh4
b1=Q 61. Bxb1 Nxb1 62. Kh5 Nd2 63. Kh4 Kg6 64. Kg4 h5+ 65. Kh4 Ne4 66. Kh3 Kg5
67. Kg2 Kg4 68. Kh2 h4 69. Kg2 h3+ 70. Kh2 Kh4 71. Kg1 Kg3 72. Kh1 Nf2+ 73. Kg1
h2+ 74. Kf1 h1=Q+ 75. Ke2 Qd1+ 76. Ke3 Qd3# 0-1

[Event "XXV OOM - Mistrzostwa Polski Juniorow Mlodszych - Chlopcy do lat 12"]
[Site "Sielpia"]
[Date "1899-12-30"]
[Round "1.18"]
[White "Musial, Igor"]
[Black "Iwaszkiewicz, Grzegorz"]
[Result "1-0"]
[WhiteTitle "I"]
[BlackTitle "II"]
[WhiteElo "1602"]
[BlackElo "1403"]

1. e4 c5 2. Nc3 e6 3. f4 d5 4. Nf3 dxe4 5. Nxe4 Nc6 6. d3 Be7 7. Be2 Nf6 8. c3
b6 9. O-O O-O 10. Qc2 Bb7 11. Nfg5 Qc7 12. Nxf6+ Bxf6 13. Ne4 Be7 14. Be3 Na5
15. f5 exf5 16. Rxf5 c4 17. Rf2 f5 18. Ng5 Qc6 19. Nf3 Rad8 20. dxc4 Nxc4 21.
Qb3 b5 22. Ne5 Qe6 23. Nxc4 bxc4 24. Bxc4 Bd5 25. Bxd5 Rxd5 26. Bxa7 Ra8 27. Bd4
Kh8 28. Raf1 Qd7 29. a3 Rc8 30. h3 h6 31. Kh1 Kh7 32. Qa2 Bd8 33. Qb1 g6 34. Re2
Qb5 35. Rfe1 Bh4 36. Bf2 Bf6 37. Qc2 Rcd8 38. c4 1-0

[Event "XXV OOM - Mistrzostwa Polski Juniorow Mlodszych - Chlopcy do lat 12"]
[Site "Sielpia"]
[Date "1899-12-30"]
[Round "1.19"]
[White "Jaskiewicz, Kacper"]
[Black "Wiatrowski, Zbigniew"]
[Result "1/2-1/2"]
[WhiteTitle "II"]
[BlackTitle "I"]
[WhiteElo "1372"]
[BlackElo "1597"]

1. e4 c5 2. Nf3 e6 3. c3 d5 4. exd5 exd5 5. d4 Nf6 6. Bb5+ Bd7 7. Bxd7+ Nbxd7 8.
O-O Be7 9. Bg5 O-O 10. Nbd2 b6 11. h3 Re8 12. Re1 Bd6 13. Qc2 Qc7 14. Re3 Rxe3
15. Bxe3 Re8 16. Re1 Ne4 17. dxc5 bxc5 18. Nxe4 dxe4 19. Nd2 f5 20. Qb3+ Kf8 21.
Nc4 f4 22. Nxd6 Qxd6 23. Rd1 c4 24. Bxf4 Qxf4 25. Qb4+ Re7 26. Rxd7 Qc1+ 27. Kh2
Qf4+ 28. Kh1 Qc1+ 29. Kh2 Qf4+ 30. Kg1 Qc1+ 31. Kh2 Qf4+ 32. Kg1 1/2-1/2

[Event "XXV OOM - Mistrzostwa Polski Juniorow Mlodszych - Chlopcy do lat 12"]
[Site "Sielpia"]
[Date "1899-12-30"]
[Round "1.20"]
[White "Nowak, Filip"]
[Black "Skrzypinski, Jan"]
[Result "1-0"]
[WhiteTitle "I"]
[BlackTitle "II+"]
[WhiteElo "1591"]
[BlackElo "1365"]

1. e4 c5 2. Nf3 d6 3. d4 cxd4 4. Nxd4 Nf6 5. Nc3 a6 6. Be3 e5 7. Nb3 Be6 8. f3
d5 9. exd5 Nxd5 10. Nxd5 Qxd5 11. Qxd5 Bxd5 12. O-O-O Bxb3 13. axb3 Nd7 14. Bc4
Nf6 15. Bb6 Be7 16. Rhe1 O-O 17. Rxe5 Bd8 18. Bxd8 Raxd8 19. Re7 Rxd1+ 20. Kxd1
b5 21. Bd3 Ra8 22. Kd2 Kf8 23. Rb7 Nd5 24. g3 h6 25. Be4 Rd8 26. Ke2 Re8 27. Kf2
Nf6 28. Rb6 Nxe4+ 29. fxe4 Rc8 30. c3 Rd8 31. Ke3 Ra8 32. g4 Ke7 33. e5 Kd7 34.
Rb7+ Ke6 35. Ke4 g6 36. h4 h5 37. gxh5 gxh5 38. Rb6+ Ke7 39. Kf5 Kd7 40. Rb7+
Kc6 41. Rxf7 b4 42. c4 a5 43. e6 Kd6 44. Rd7+ Kc6 45. Rd5 Rf8+ 46. Kg6 Rf1 47.
e7 Re1 48. Kf7 Rf1+ 49. Ke8 Kc7 50. Rxa5 Rf4 51. Rxh5 Rf3 52. Rc5+ Kd6 53. Rd5+
Kc7 54. h5 Rxb3 55. Rf5 Rxb2 56. Kf7 Re2 57. e8=Q Rxe8 58. Kxe8 b3 59. Rb5 Kd6
60. Rxb3 Ke5 1-0

[Event "XXV OOM - Mistrzostwa Polski Juniorow Mlodszych - Chlopcy do lat 12"]
[Site "Sielpia"]
[Date "1899-12-30"]
[Round "1.21"]
[White "Sniadecki, Oskar"]
[Black "Grzadka, Artur"]
[Result "0-1"]
[WhiteTitle "II"]
[BlackTitle "I"]
[WhiteElo "1345"]
[BlackElo "1585"]

1. d4 Nf6 2. c4 e6 3. Nc3 Bb4 4. Bg5 c5 5. e3 Qa5 6. Qc2 Ne4 7. Qxe4 Bxc3+ 8. Kd1
Bxb2 9. Rb1 cxd4 10. Rxb2 Qxg5 11. Nf3 Qd8 12. Nxd4 O-O 13. Bd3 f5 14. Qf3 Nc6
15. Nxc6 bxc6 16. c5 Qf6 17. Rb3 Qe5 18. Qh5 Ba6 19. f4 Qa1+ 20. Bb1 Bc4 21. Rb4
Qc3 0-1

[Event "XXV OOM - Mistrzostwa Polski Juniorow Mlodszych - Chlopcy do lat 12"]
[Site "Sielpia"]
[Date "1899-12-30"]
[Round "1.22"]
[White "Karp, Kacper"]
[Black "Wydmanski, Szymon"]
[Result "1-0"]
[WhiteTitle "II+"]
[BlackTitle "II"]
[WhiteElo "1571"]
[BlackElo "1319"]

1. e4 c5 2. Nf3 Nc6 3. d4 cxd4 4. Nxd4 g6 5. c4 Bg7 6. Be3 Nh6 7. Nc3 d6 8. Be2
f5 9. O-O Bxd4 10. Bxd4 e5 11. Be3 f4 12. Bd2 Nd4 13. Nd5 O-O 14. f3 Nf7 15. Bc3
Nxe2+ 16. Qxe2 h5 17. Rad1 h4 18. Kh1 h3 19. gxh3 Bxh3 20. Rg1 Kh7 21. c5 Qh4
22. cxd6 Nxd6 23. Bxe5 Rad8 24. Bc3 Rde8 25. Qe1 Qh5 26. Qf2 Nxe4 27. fxe4 Rxe4
28. Nf6+ Rxf6 29. Bxf6 Re2 30. Rd8 Re8 31. Rd2 f3 32. Rc1 Re2 33. Rxe2 fxe2 34.
Qh4 Qxh4 35. Bxh4 Kh6 36. Bf2 a6 37. Rc3 Bf1 38. Be1 Kg5 39. Kg1 Kf4 40. Kf2 Kg4
41. Rb3 b5 42. Ra3 1-0

[Event "XXV OOM - Mistrzostwa Polski Juniorow Mlodszych - Chlopcy do lat 12"]
[Site "Sielpia"]
[Date "1899-12-30"]
[Round "1.23"]
[White "Adamala, Jacek"]
[Black "Borowik, Wojciech"]
[Result "0-1"]
[WhiteTitle "II"]
[BlackTitle "I"]
[WhiteElo "1317"]
[BlackElo "1556"]

1. e4 c5 2. Nf3 g6 3. d4 cxd4 4. Nxd4 Nc6 5. Be3 Bg7 6. c4 Nf6 7. Nc3 O-O 8. Be2
d6 9. f3 Nxd4 10. Bxd4 Be6 11. O-O Qa5 12. Rc1 Rfc8 13. b3 Bd7 14. Qd3 Bc6 15.
Rfd1 a6 16. Qe3 Qd8 17. e5 dxe5 18. Bxe5 Qe8 19. Nd5 Bxd5 20. cxd5 Rxc1 21. Qxc1
Rc8 22. Qb2 Bf8 23. Bxf6 exf6 24. Bf1 Bc5+ 25. Kh1 Qe3 26. Bd3 Re8 27. Qc1 Qf2
28. Rf1 Qd4 29. Qc4 Qe3 30. b4 Ba7 31. d6 Rd8 32. Qc7 Bb6 33. Qc2 Rxd6 34. Rd1
Kg7 35. Qe2 Qf4 36. Qe4 Qg5 37. Qg4 Qe5 38. Qe4 Qc3 39. Qe2 Qxb4 40. Rb1 Qd4 41.
Rd1 Qc3 42. Qc2 Qd4 43. Be2 Qf2 44. Bd3 Qe3 45. Qe2 Qxe2 46. Bxe2 Rxd1+ 47. Bxd1
Ba7 48. g3 f5 49. f4 f6 50. Kg2 a5 51. a4 Bc5 52. Kf3 b6 53. Bc2 Kf7 54. Bb3+
Ke7 55. Bc4 Bg1 56. h3 Bc5 57. Bb3 Bd6 58. Bc4 Bc5 59. Bb3 Kf8 60. Bc4 Kg7 61.
Be6 h6 62. Bd7 Kf7 63. Bc8 Ke7 64. Ke2 Kd8 65. Be6 Ke7 66. Bc8 Kd6 67. Kd3 Bf2
68. g4 fxg4 69. hxg4 Bg3 70. Ke4 Kc6 71. Kf3 Be1 72. Be6 b5 73. axb5+ Kxb5 74.
Bd7+ Kb4 75. Ke4 g5 76. Kf5 gxf4 77. Kxf4 a4 78. Kf5 Bh4 79. Ke4 Kb3 80. Kd3 a3
81. Be6+ Kb2 82. Kd2 a2 83. Bxa2 Kxa2 84. Kc2 Bg5 85. Kc3 Kb1 86. Kb3 Kc1 87.
Kc3 Kd1 88. Kd3 Ke1 89. Kd4 Kf2 90. Ke4 Kg3 91. Kf5 Kf3 92. Ke6 Kxg4 0-1

[Event "XXV OOM - Mistrzostwa Polski Juniorow Mlodszych - Chlopcy do lat 12"]
[Site "Sielpia"]
[Date "1899-12-30"]
[Round "1.24"]
[White "Janeczko, Jakub"]
[Black "Kozera, Dawid"]
[Result "1/2-1/2"]
[WhiteTitle "I"]
[BlackTitle "II"]
[WhiteElo "1544"]
[BlackElo "1280"]

1. e4 c5 2. Nf3 e6 3. d4 cxd4 4. Nxd4 Nf6 5. Nc3 d6 6. Bg5 Be7 7. Qd2 a6 8. Be2
Nbd7 9. O-O O-O 10. Rfe1 Qc7 11. Rad1 b5 12. a3 Bb7 13. f3 h6 14. Be3 d5 15. exd5
Nxd5 16. Nxd5 Bxd5 17. Bd3 Bd6 18. g3 Ne5 19. Be2 Nc4 20. Bxc4 Qxc4 21. Kg2 Rac8
22. c3 Rfd8 23. Qf2 Bb7 24. Rd2 Rd7 25. Red1 Rcd8 26. Ne2 Qc6 27. Nd4 Qc8 28.
Nc2 Bc7 29. Nb4 Rxd2 30. Rxd2 Rxd2 31. Qxd2 Qd8 32. Qxd8+ Bxd8 33. Bc5 f6 34.
Kf2 1/2-1/2

[Event "XXV OOM - Mistrzostwa Polski Juniorow Mlodszych - Chlopcy do lat 12"]
[Site "Sielpia"]
[Date "1899-12-30"]
[Round "1.25"]
[White "Kolendo, Kajetan"]
[Black "Klim, Filip"]
[Result "1-0"]
[WhiteTitle "II"]
[BlackTitle "I"]
[WhiteElo "1197"]
[BlackElo "1543"]

1. e4 e5 2. Nf3 Nc6 3. Bc4 Bc5 4. c3 Nf6 5. d3 O-O 6. Nbd2 d6 7. Bb3 Be6 8. O-O
Qd7 9. h3 h6 10. Re1 Rfe8 11. Nh2 Rad8 12. Ndf1 d5 13. Qf3 dxe4 14. dxe4 Bxb3
15. axb3 Re6 16. Ng3 Ne7 17. Ng4 Nxg4 18. hxg4 Rf6 19. Nf5 g6 20. g5 hxg5 21.
Bxg5 Rxf5 22. exf5 Qb5 23. Rxe5 Bxf2+ 24. Qxf2 Qxe5 25. Re1 Qxf5 26. Qxf5 gxf5
27. Rxe7 Rd1+ 28. Kh2 Rb1 29. Re8+ Kg7 30. Rb8 b6 31. Rb7 Rxb2 32. b4 Rc2 33.
Rxc7 a5 34. Rb7 Kg6 35. Bh4 Rxc3 36. bxa5 bxa5 37. Be1 Ra3 38. Ra7 a4 39. Bb4
Ra2 40. Bd6 Kf6 41. Ra6 Kg5 42. Kg3 Kh5 43. Kh3 Kg5 44. g3 Kf6 45. Ba3+ Kg5 46.
Bc1+ f4 47. Bxf4+ Kf5 48. Bd6 Ke4 49. Kh4 Kd5 50. g4 Ke4 51. Kg5 Ra1 52. Kf6 Kf3
53. g5 Kg4 54. Be7 Rf1+ 55. Kg7 Rf4 56. Bf6 Kh5 57. Kxf7 Rg4 58. Ra8 Rg3 59. Rxa4
Rf3 60. g6 Rh3 61. Rh4+ Rxh4 62. Bxh4 1-0